000
00311nam a2200133Ia 4500
100
_a
Modi/P.N/ Seth/S.M
942
_c
BK
654
_a
hydraulics
245
_a
Hydraulics & fluid mechanics
260
_b
Standard Book House
_a
New Delhi
_c
1985
082
_a
532
_b
MOD/SET
300
_a
1392
546
_a
ENGLISH
999
_c
19580
_d
19580